Damage limitation (Record no. 78711)

MARC details
000 -LEADER
fixed length control field 00993cab a22002415a 4500
001 - CONTROL NUMBER
control field L137779
008 - FIXED-LENGTH DATA ELEMENTS--GENERAL INFORMATION
fixed length control field 070430e20070420xxk f g 000 0 eng d
035 ## - SYSTEM CONTROL NUMBER
System control number (Sirsi) u137779
041 0# - LANGUAGE CODE
Language code of text/sound track or separate title eng
100 1# - MAIN ENTRY--PERSONAL NAME
Personal name Kokelaar, Sebastian
245 00 - TITLE STATEMENT
Title Damage limitation
260 ## - PUBLICATION, DISTRIBUTION, ETC.
Date of publication, distribution, etc. 2007
490 #0 - SERIES STATEMENT
Series statement New Law Journal
Volume/sequential designation 157(7269), 545(1)
520 ## - SUMMARY, ETC.
Summary, etc. Landlord and Tenant article considers how the rules of mitigation of loss apply to leases. They do not apply to a claim in debt. The landlord cannot recover damages for loss of future rent from a defaulting tenant. Once a landlord re-enters the premises, right to claim rent ends. Case law.
650 24 - SUBJECT ADDED ENTRY--TOPICAL TERM
Topical term or geographic name entry element REICHMAN AND ANOTHER V BEVERIDGE AND ANOTHER
650 24 - SUBJECT ADDED ENTRY--TOPICAL TERM
Topical term or geographic name entry element WHITE AND CARTER (COUNCILS) LTD V MCGREGOR
650 24 - SUBJECT ADDED ENTRY--TOPICAL TERM
Topical term or geographic name entry element WALLS V ATCHESON
650 24 - SUBJECT ADDED ENTRY--TOPICAL TERM
Topical term or geographic name entry element INSOLVENCY ACT 1986
650 24 - SUBJECT ADDED ENTRY--TOPICAL TERM
Topical term or geographic name entry element RE PARK AIR SERVICES PLC
651 #4 - SUBJECT ADDED ENTRY--GEOGRAPHIC NAME
Geographic name England and Wales
Chronological subdivision 1543-
690 ## - LOCAL SUBJECT ADDED ENTRY--TOPICAL TERM (OCLC, RLIN)
Topical term or geographic name as entry element PROPERTY-LANDLORD AND TENANT-TENANCIES-BREACHING TENANCIES
942 ## - ADDED ENTRY ELEMENTS (KOHA)
Suppress in OPAC 0
Holdings
Withdrawn status Lost status Source of classification or shelving scheme Damaged status Not for loan Home library Current library Shelving location Date acquired Total Checkouts Full call number Barcode Date last seen Copy number Price effective from Koha item type
    Dewey Decimal Classification     London London Journal article 30/04/2007   L137779 137779-1001 06/08/2019 1 06/08/2019 Journal article